[Event "57th World Juniors 2018"]
[Site "Manavgat TUR"]
[Date "2018.09.11"]
[Round "7.68"]
[White "Gulden, Egemen"]
[Black "Yilmaz, Goktan"]
[Result "0-1"]
[WhiteTitle "CM"]
[BlackTitle "CM"]
[WhiteElo "2068"]
[BlackElo "2237"]
[WhiteFideId "6324983"]
[BlackFideId "6354904"]
[EventDate "2018.09.05"]

1. e4 c5 2. Nc3 d6 3. g3 Nc6 4. Bg2 g6 5. d3 Bg7 6. Be3 Rb8 7. f4 e6 8. Qd2 Nge7
9. Nh3 b5 10. O-O b4 11. Nd1 O-O 12. c3 bxc3 13. bxc3 Qa5 14. Rc1 Rd8 15. f5
exf5 16. Bh6 Ne5 17. Bxg7 Kxg7 18. Ne3 fxe4 19. dxe4 Be6 20. Qf2 Ng8 21. Nf5+
gxf5 22. exf5 Bc4 23. f6+ Kf8 24. Rfe1 Qxa2 25. Rc2 Qa4 26. Rd2 Nd3 27. Ng5 Nxe1
28. Nxh7+ Ke8 29. Qxe1+ Kd7 30. Qe4 Re8 31. Qf4 Rb1+ 32. Kf2 Rb6 33. Ng5 Qb5 34.
Ne4 Rxe4 35. Bxe4 Be6 36. Qg5 Qc4 37. Bh7 Qxc3 38. Bxg8 Rb2 39. Rxb2 Qxb2+ 40.
Kg1 Qd4+ 41. Kg2 Qd5+ 42. Qxd5 Bxd5+ 43. Kf2 a5 44. Ke3 a4 45. Kd2 a3 46. Kc3 a2
47. Kb2 Ke6 48. Bh7 Kxf6 49. h4 Bb3 50. g4 c4 51. g5+ Kg7 52. Be4 c3+ 0-1

[Event "57th World Juniors 2018"]
[Site "Manavgat TUR"]
[Date "2018.09.11"]
[Round "7.70"]
[White "Lin, Peisen"]
[Black "Silva, David"]
[Result "0-1"]
[BlackTitle "IM"]
[WhiteElo "2034"]
[BlackElo "2223"]
[WhiteFideId "8611505"]
[BlackFideId "10101314"]
[EventDate "2018.09.05"]

1. e4 e5 2. Nf3 Nc6 3. Bb5 a6 4. Ba4 d6 5. O-O Bd7 6. c3 Nf6 7. Re1 g6 8. d4 Qe7
9. Nbd2 Bg7 10. Nf1 O-O 11. Ne3 b5 12. Bc2 h6 13. Nd5 Qd8 14. dxe5 Nxd5 15. Qxd5
Nxe5 16. Nxe5 Bxe5 17. f4 Bf6 18. Be3 Qe8 19. Qd2 Bc6 20. Bd4 Qe7 21. Re3 Rad8
22. Rae1 Bd7 23. Rf3 Rfe8 24. Ref1 Bc6 25. Re3 Bb7 26. Qe2 Ba8 27. Bxf6 Qxf6 28.
h3 Re7 29. g3 Rde8 30. Re1 Qe6 31. Kh2 Qxa2 32. Bb1 Qe6 33. b4 Qf6 34. Ba2 Rxe4
35. Rxe4 Rxe4 36. Qd1 0-1

[Event "57th World Juniors 2018"]
[Site "Manavgat TUR"]
[Date "2018.09.11"]
[Round "7.71"]
[White "Can, Melih Kaan"]
[Black "Kilic, Gokturk Kagan"]
[Result "1-0"]
[WhiteElo "2195"]
[BlackElo "1910"]
[WhiteFideId "6317383"]
[BlackFideId "6367925"]
[EventDate "2018.09.05"]

1. d4 Nf6 2. Nf3 g6 3. Bf4 Bg7 4. e3 O-O 5. Be2 d6 6. h3 Nbd7 7. O-O Qe8 8. Bh2
e5 9. c4 Qe7 10. Nc3 c6 11. b4 Ne8 12. b5 c5 13. Nd5 Qd8 14. Qc2 Nc7 15. dxe5
Nxd5 16. cxd5 dxe5 17. Rac1 b6 18. Nd2 Bb7 19. e4 f5 20. exf5 gxf5 21. Nc4 Qf6
22. Rcd1 Kh8 23. Rfe1 Rg8 24. Bf1 f4 25. Qe4 Rae8 26. Bd3 Qh6 27. Nd6 1-0

[Event "57th World Juniors 2018"]
[Site "Manavgat TUR"]
[Date "2018.09.11"]
[Round "7.72"]
[White "Daghan, Devran"]
[Black "Eren, Ataberk"]
[Result "0-1"]
[WhiteElo "2004"]
[BlackElo "2180"]
[WhiteFideId "6371930"]
[BlackFideId "6349765"]
[EventDate "2018.09.05"]

1. e4 e6 2. d4 d5 3. Nc3 Nf6 4. e5 Nfd7 5. f4 c5 6. Nf3 Nc6 7. Be3 Be7 8. Qd2 a6
9. dxc5 Nxc5 10. O-O-O b5 11. Bxc5 Bxc5 12. Bd3 g6 13. Ne2 Qb6 14. Kb1 Be3 15.
Qe1 Bf2 16. Qd2 b4 17. g4 Qe3 18. Qxe3 Bxe3 19. g5 h5 20. h4 Ke7 21. Rh3 Rd8 22.
Nd2 Bb6 23. c4 bxc3 24. Nxc3 Bd7 25. Nb3 Na5 26. Nxa5 Bxa5 27. Bc2 Rab8 28. Ne2
Bb4 29. Bd3 a5 30. Rc1 a4 31. Rh2 Rdc8 32. Rxc8 Rxc8 33. Rh1 Bd2 34. Rd1 Be3 35.
b3 a3 36. Ba6 Ra8 37. Bd3 Rb8 38. Kc2 Rc8+ 39. Kb1 Bf2 40. Rh1 d4 41. Bc4 Bc6
42. Rf1 Be4+ 43. Kc1 Be3+ 44. Kd1 Bg2 45. Rg1 Bxg1 46. Nxg1 Bd5 47. Bxd5 exd5
48. Ne2 d3 49. Nd4 Kd7 50. Kd2 Rc5 51. Kd1 Kc8 52. Kd2 Kb7 53. Kd1 Ka6 54. Kd2
Ka5 55. Kxd3 Rc1 56. f5 gxf5 57. Nxf5 Ra1 58. Ne3 Rxa2 59. g6 fxg6 60. Nc2 Kb6
61. b4 Kc7 62. Kc3 Rxc2+ 63. Kxc2 d4 64. b5 d3+ 65. Kxd3 a2 66. e6 a1=Q 0-1

[Event "57th World Juniors 2018"]
[Site "Manavgat TUR"]
[Date "2018.09.11"]
[Round "7.73"]
[White "Akin, Kadir"]
[Black "Sezdbekov, Ruslan"]
[Result "1-0"]
[BlackTitle "CM"]
[WhiteElo "1974"]
[BlackElo "2160"]
[WhiteFideId "6348874"]
[BlackFideId "13801856"]
[EventDate "2018.09.05"]

1. e4 e5 2. Nf3 Nf6 3. Nxe5 d6 4. Nf3 Nxe4 5. Nc3 Nxc3 6. dxc3 Be7 7. Be3 Be6 8.
Qd2 O-O 9. Bd3 Nd7 10. O-O-O c5 11. Ng5 Bxg5 12. Bxg5 Qa5 13. a3 Rfe8 14. f4 f6
15. Bh4 Bf7 16. g4 c4 17. Be2 Nc5 18. Bf3 Qb5 19. Qxd6 Re6 20. Qc7 Rae8 21. Bf2
b6 22. Bxc5 bxc5 23. Rd7 Qb6 24. Rxf7 Re1+ 25. Rxe1 Rxe1+ 26. Bd1 1-0

[Event "57th World Juniors 2018"]
[Site "Manavgat TUR"]
[Date "2018.09.11"]
[Round "7.74"]
[White "Erdogan, Anil Berk"]
[Black "Dedebas, Emre Emin"]
[Result "1/2-1/2"]
[WhiteTitle "CM"]
[BlackTitle "FM"]
[WhiteElo "2083"]
[BlackElo "2334"]
[WhiteFideId "6348173"]
[BlackFideId "6349005"]
[EventDate "2018.09.05"]

1. e4 c5 2. Nf3 Nc6 3. d4 cxd4 4. Nxd4 Qb6 5. Nb3 Nf6 6. Nc3 e6 7. Be3 Qc7 8. a3
a6 9. g3 d6 10. f4 b5 11. Bg2 Bb7 12. O-O Be7 13. Qe2 O-O 14. g4 Nd7 15. g5 Rfe8
16. Nd4 Na5 17. Nb3 Nc6 18. Nd4 Na5 19. Nb3 Nc6 1/2-1/2

[Event "57th World Juniors 2018"]
[Site "Manavgat TUR"]
[Date "2018.09.11"]
[Round "7.75"]
[White "Caglar, Ahmet Ata"]
[Black "Taalaibekov, Tagir"]
[Result "1-0"]
[WhiteElo "2071"]
[BlackElo "2291"]
[WhiteFideId "6328636"]
[BlackFideId "13801163"]
[EventDate "2018.09.05"]

1. e4 c5 2. Nf3 e6 3. d4 cxd4 4. Nxd4 a6 5. Nc3 Qc7 6. g3 b5 7. Bg2 Bb7 8. O-O
d6 9. Re1 Nf6 10. Nd5 exd5 11. exd5+ Kd8 12. Bg5 Nd7 13. Nc6+ Bxc6 14. dxc6 Nc5
15. a4 b4 16. Qd4 Be7 17. Qxb4 Ne6 18. Be3 Rb8 19. Qc3 Ng4 20. Bd2 h5 21. h3 Nf6
22. b4 Ke8 23. Rab1 Kf8 24. b5 axb5 25. axb5 d5 26. Be3 Qd6 27. Ba7 Rc8 28. Red1
h4 29. Qe3 hxg3 30. fxg3 Rd8 31. c4 d4 32. Qd3 Ng5 33. h4 Nge4 34. b6 g6 35. c7
Re8 36. b7 Qxc7 37. b8=Q Rxb8 38. Bxb8 Qc6 39. Be5 Qe6 40. Bxf6 Nxf6 41. Rb8+
Ne8 42. Qxd4 Rh5 43. Qe4 Bc5+ 44. Kh2 Re5 45. Qc6 Qxc4 46. Rdd8 Qe2 47. Rxe8+
Rxe8 48. Qxc5+ Kg8 49. Qb5 Qxb5 50. Rxb5 Re2 51. Rb7 Kg7 52. Kg1 Rd2 53. Bc6 Rd8
54. Rd7 Rf8 55. Bd5 Kf6 56. Kg2 g5 57. Rxf7+ Rxf7 58. hxg5+ Kg6 59. Bxf7+ Kxf7
60. Kf3 Kg6 61. Kg4 Kg7 62. Kf5 Kf7 63. g6+ Kg7 64. Kg5 Kg8 65. Kf6 Kh8 66. g7+
Kg8 67. g4 Kh7 68. Kf7 Kh6 69. g8=R 1-0

[Event "57th World Juniors 2018"]
[Site "Manavgat TUR"]
[Date "2018.09.11"]
[Round "7.76"]
[White "Yaran, Siar"]
[Black "Zrikem, Nassim"]
[Result "0-1"]
[WhiteTitle "CM"]
[BlackTitle "CM"]
[WhiteElo "2271"]
[BlackElo "2066"]
[WhiteFideId "6323006"]
[BlackFideId "9002693"]
[EventDate "2018.09.05"]

1. e4 e5 2. f4 exf4 3. Nf3 g5 4. h4 g4 5. Ne5 Nf6 6. Bc4 d5 7. exd5 Nxd5 8. Nc3
c6 9. Nxd5 cxd5 10. Bb5+ Bd7 11. Nxd7 Nxd7 12. Qxg4 Qe7+ 13. Kd1 O-O-O 14. Re1
Qd6 15. d4 Bh6 16. Re5 Rhg8 17. Qf5 Rxg2 18. Rxd5 Qe6 19. c3 Qxf5 20. Rxf5 a6
21. Bd3 Rdg8 22. Rb1 Rh2 23. Bd2 Rg1+ 24. Be1 f3 0-1

[Event "57th World Juniors 2018"]
[Site "Manavgat TUR"]
[Date "2018.09.11"]
[Round "7.77"]
[White "Petkov, Momchil"]
[Black "Baylav, Can"]
[Result "1-0"]
[WhiteTitle "FM"]
[WhiteElo "2163"]
[BlackElo "2026"]
[WhiteFideId "2921642"]
[BlackFideId "6361293"]
[EventDate "2018.09.05"]

1. e4 c5 2. Nf3 d6 3. c4 e5 4. Nc3 Ne7 5. Be2 g6 6. O-O Bg7 7. d3 O-O 8. a3 Nbc6
9. b4 cxb4 10. axb4 Nxb4 11. Ba3 Na6 12. Nb5 Nc5 13. d4 exd4 14. e5 b6 15. Nxd6
Nc6 16. Nxd4 Nxe5 17. Nb3 Nxb3 18. Qxb3 Qh4 19. Rad1 Be6 20. f4 Nc6 21. Qe3 Rab8
22. Kh1 Rfd8 23. Bf3 Ne7 24. g3 Qh6 25. Nxf7 Bxf7 26. Qxe7 Re8 27. Qxa7 Bxc4 28.
Rfe1 g5 29. Qd7 Qg6 30. Bd5+ Bxd5+ 31. Qxd5+ Kh8 32. f5 Qf6 33. Re6 Rxe6 34.
fxe6 Bf8 35. Bc1 Be7 36. Be3 Kg8 37. Bd4 Qg6 38. Qe5 1-0

[Event "57th World Juniors 2018"]
[Site "Manavgat TUR"]
[Date "2018.09.11"]
[Round "7.78"]
[White "Piyumantha, M Sasith Nipun"]
[Black "Dionizio, Andre Filipe Nasciment"]
[Result "1/2-1/2"]
[WhiteTitle "FM"]
[WhiteElo "2139"]
[BlackElo "2010"]
[WhiteFideId "9916148"]
[BlackFideId "1920294"]
[EventDate "2018.09.05"]

1. d4 d5 2. c4 e6 3. Nf3 Nf6 4. g3 Bb4+ 5. Bd2 a5 6. Qc2 O-O 7. Bg2 Nbd7 8. O-O
Bxd2 9. Nbxd2 c6 10. e4 dxe4 11. Nxe4 Nxe4 12. Qxe4 c5 13. Rfd1 Qb6 14. Qc2 cxd4
15. Rxd4 Qc7 16. Rad1 Rb8 17. Rd6 b6 18. Rc6 Qa7 19. Rcd6 Qc7 20. Rc6 Qa7 21. b3
Nf6 22. Nd4 Bb7 23. Rc7 Qa6 24. Nb5 Bxg2 25. Kxg2 Qa8+ 26. f3 Rbd8 27. Re1 Ne8
28. Ra7 Qb8 29. Re2 Nd6 30. Rc7 Nxb5 31. cxb5 Rd5 32. a4 Rfd8 33. Qc3 Rd3 34.
Qc6 R3d6 35. Qc1 Rd1 36. Qf4 Rf8 37. Rxf7 Qxf4 38. Rxf4 Rxf4 39. gxf4 Kf7 40.
Re3 Rb1 41. Rc3 Kf6 42. Kf2 Kf5 43. Rc7 Kf6 44. f5 Kxf5 45. Rxg7 h6 46. Rf7+ Ke5
47. f4+ Ke4 48. Rb7 Rb2+ 49. Ke1 Rxb3 50. Rxb6 Rb4 51. Rxe6+ Kxf4 52. Rxh6 Kg5
53. Ra6 Rxa4 54. b6 Kh4 55. Kf2 Rb4 56. Rxa5 Rxb6 1/2-1/2

[Event "57th World Juniors 2018"]
[Site "Manavgat TUR"]
[Date "2018.09.11"]
[Round "7.79"]
[White "Helander, Benjamin"]
[Black "Karaoglan, Doruk"]
[Result "0-1"]
[WhiteElo "1994"]
[BlackElo "2196"]
[WhiteFideId "514101"]
[BlackFideId "6390927"]
[EventDate "2018.09.05"]

1. d4 Nf6 2. c4 g6 3. Nc3 Bg7 4. g3 O-O 5. Bg2 d6 6. Nf3 Nc6 7. O-O a6 8. b3 Rb8
9. Bb2 b5 10. cxb5 axb5 11. Rc1 b4 12. Na4 Na7 13. Ne1 Bh6 14. e3 Ba6 15. Nd3
Qd7 16. Re1 Qf5 17. Nf4 c6 18. e4 Qa5 19. e5 Nd5 20. Nxd5 cxd5 21. f4 dxe5 22.
dxe5 e6 23. Nc5 Bb5 24. Qd2 Rfc8 25. a4 Be8 26. Nd3 Nc6 27. Nf2 Qa7 28. Kh1 Qe7
29. Ng4 Bg7 30. Nf6+ Bxf6 31. exf6 Qf8 32. g4 Na5 33. Qe3 Bd7 34. f5 Rxc1 35.
Rxc1 Rc8 36. h3 Rxc1+ 37. Bxc1 Qc8 38. Bd2 Nc6 39. Bf1 Qd8 40. Qg5 exf5 41. Bb5
Qe8 42. Qf4 Qe4+ 43. Qxe4 fxe4 44. Bxc6 Bxc6 45. Bxb4 d4 46. Bc5 d3 47. Be3 d2 0-1

[Event "57th World Juniors 2018"]
[Site "Manavgat TUR"]
[Date "2018.09.11"]
[Round "7.80"]
[White "Nurgaliyev, Sauat"]
[Black "Tuna, Alp"]
[Result "1/2-1/2"]
[WhiteTitle "CM"]
[BlackTitle "FM"]
[WhiteElo "1685"]
[BlackElo "2253"]
[WhiteFideId "13726285"]
[BlackFideId "6372910"]
[EventDate "2018.09.05"]

1. e4 c5 2. Nf3 d6 3. d4 cxd4 4. Nxd4 Nf6 5. Nc3 a6 6. f3 e5 7. Nb3 Be6 8. Be3
Nbd7 9. Qd2 Rc8 10. O-O-O Be7 11. g4 Nb6 12. Na5 Qc7 13. Kb1 O-O 14. h4 Rfd8 15.
Qf2 Na8 16. Nb3 d5 17. exd5 Nxd5 18. Nxd5 Bxd5 19. Bd3 b5 20. h5 Bc4 21. Bf5
Rxd1+ 22. Rxd1 Rd8 23. Rh1 Rd6 24. g5 Qd8 25. Qg2 Rd1+ 26. Rxd1 Qxd1+ 27. Nc1 g6
28. Be4 Nc7 29. hxg6 hxg6 30. Qh2 Qd6 31. f4 Ne6 32. fxe5 Qd8 33. b3 Bd5 34.
Bxd5 Qxd5 35. Nd3 Bxg5 36. Bxg5 Nxg5 37. Qd2 Ne4 38. Qa5 Nc5 39. Nxc5 Qxc5 40.
Qd8+ Kg7 41. Qf6+ Kh6 42. Qh4+ Kg7 43. Qf6+ Kh6 44. Qh4+ Kg7 45. Qf6+ 1/2-1/2

[Event "57th World Juniors 2018"]
[Site "Manavgat TUR"]
[Date "2018.09.11"]
[Round "7.81"]
[White "Rajic, Ivan"]
[Black "Fleri, Matthew"]
[Result "1-0"]
[WhiteElo "2021"]
[BlackElo "1625"]
[WhiteFideId "14411377"]
[BlackFideId "5602165"]
[EventDate "2018.09.05"]

1. c4 Nf6 2. g3 c5 3. Bg2 g6 4. Nc3 Bg7 5. d4 cxd4 6. Qxd4 Nc6 7. Qd1 O-O 8. Nf3
e6 9. e4 d6 10. O-O a6 11. h3 Qe7 12. Bf4 Rd8 13. Qd2 b6 14. Rfd1 e5 15. Bg5 Be6
16. b3 Qc7 17. Rac1 Qe7 18. Qe3 Rab8 19. Nd5 Bxd5 20. cxd5 Na7 21. Bf1 Qb7 22.
Nd2 Rd7 23. h4 Rc8 24. Nc4 Rb8 25. Qf3 Ne8 26. Bh3 Rc7 27. Be3 b5 28. Na5 1-0

[Event "57th World Juniors 2018"]
[Site "Manavgat TUR"]
[Date "2018.09.11"]
[Round "7.82"]
[White "Maltezeanu, Stefan"]
[Black "Beukema, Christiaan"]
[Result "0-1"]
[WhiteElo "2089"]
[BlackElo "1904"]
[WhiteFideId "4004655"]
[BlackFideId "1032976"]
[EventDate "2018.09.05"]

1. e4 e5 2. Nf3 Nc6 3. Bb5 Nge7 4. c3 g6 5. O-O Bg7 6. d4 O-O 7. d5 a6 8. Be2
Nb8 9. d6 Nec6 10. Bg5 f6 11. Be3 cxd6 12. Qxd6 b5 13. a4 bxa4 14. Rxa4 Kh8 15.
Na3 Bb7 16. Nc4 Re8 17. Rd1 a5 18. Nb6 Nd4 19. Nxd4 exd4 20. Raxd4 Bf8 21. Qf4
Qxb6 22. Rxd7 Qc6 23. Bb5 Nxd7 24. Bxc6 Bxc6 25. f3 Rab8 26. Bd4 Bg7 27. Qc7
Rec8 28. Qxa5 Rxb2 29. Qa6 Rbb8 30. Ba7 Ra8 31. Rd6 Rc7 32. Rxc6 Raxa7 33. Qb5
Rxc6 34. Qxc6 h5 35. c4 Ne5 36. Qc8+ Kh7 37. f4 Ng4 38. g3 Ra1+ 39. Kg2 Ra2+ 40.
Kf1 Nxh2+ 41. Ke1 Nf3+ 42. Kd1 Rd2+ 43. Kc1 Rd4 44. c5 Rxe4 45. c6 Rc4+ 46. Kd1
Nd4 47. c7 Nb5 48. Qd7 Nxc7 49. Ke2 f5 50. Kf3 Na6 51. Qf7 Rc3+ 52. Kg2 Nc5 53.
g4 hxg4 54. Qe7 Ne4 55. Qh4+ Kg8 56. Qd8+ Bf8 57. Qd5+ Kh7 58. Qd8 Rg3+ 59. Kf1
Rf3+ 60. Kg2 Bc5 61. Qc7+ Kh6 62. Qc8 Rf2+ 63. Kg1 Re2+ 0-1

[Event "57th World Juniors 2018"]
[Site "Manavgat TUR"]
[Date "2018.09.12"]
[Round "8.1"]
[White "Karthik, Venkataraman"]
[Black "Maghsoodloo, Parham"]
[Result "0-1"]
[WhiteTitle "IM"]
[BlackTitle "GM"]
[WhiteElo "2519"]
[BlackElo "2649"]
[WhiteFideId "25006479"]
[BlackFideId "12539929"]
[EventDate "2018.09.05"]

1. e4 c5 2. Nc3 Nc6 3. Nge2 d6 4. d4 cxd4 5. Nxd4 Nf6 6. Bg5 e6 7. Qd2 a6 8.
O-O-O Bd7 9. f3 Nxd4 10. Qxd4 Be7 11. Kb1 b5 12. a3 Qc7 13. g4 h6 14. Be3 Rb8
15. h4 a5 16. Qa7 Qxa7 17. Bxa7 Rb7 18. Bd4 b4 19. axb4 axb4 20. Ne2 e5 21. Be3
Be6 22. Ng3 g6 23. b3 Kf8 24. Bh3 Ne8 25. Bf1 Kg7 26. Kb2 Nc7 27. h5 d5 28. hxg6
fxg6 29. Ra1 d4 30. Bd2 Bd6 31. Bd3 Bd7 32. Rh2 Ne6 33. Ne2 Be7 34. f4 exf4 35.
Nxf4 Nc5 36. Nd5 Bd6 37. Rg2 Rf8 38. e5 Bxe5 39. Bxb4 Nxd3+ 40. cxd3 Re8 41. Ra5
Bb5 42. Bc5 Bxd3 43. Rd2 Be4 44. Bxd4 Rd7 45. Bc3 Bxc3+ 46. Kxc3 Rc8+ 47. Kb4
Rcd8 48. Kc4 g5 49. Rc5 Bf3 50. Rd4 h5 51. gxh5 g4 52. b4 g3 53. h6+ Kxh6 54.
Rh4+ Kg5 0-1

[Event "57th World Juniors 2018"]
[Site "Manavgat TUR"]
[Date "2018.09.12"]
[Round "8.3"]
[White "Bai, Jinshi"]
[Black "Christiansen, Johan-Sebastian"]
[Result "1/2-1/2"]
[WhiteTitle "GM"]
[BlackTitle "IM"]
[WhiteElo "2556"]
[BlackElo "2525"]
[WhiteFideId "8602280"]
[BlackFideId "1512668"]
[EventDate "2018.09.05"]

1. d4 Nf6 2. c4 e6 3. Nc3 Bb4 4. Nf3 d5 5. Bg5 dxc4 6. Qa4+ Nc6 7. e3 Bd7 8. Qc2
b5 9. Be2 O-O 10. O-O a6 11. a4 Rb8 12. axb5 axb5 13. Ne4 Be7 14. Bxf6 gxf6 15.
b3 f5 16. Ned2 Nb4 17. Qc1 c5 18. bxc4 cxd4 19. Nxd4 bxc4 20. Nxc4 Bf6 21. Qd2
Nc6 22. Nxc6 Bxc6 23. Rac1 Qxd2 24. Nxd2 Rb2 25. Rxc6 Rxd2 26. Bh5 Rfd8 27. Rc7
R2d7 28. Rxd7 Rxd7 29. Rd1 Rxd1+ 30. Bxd1 Kg7 1/2-1/2

[Event "57th World Juniors 2018"]
[Site "Manavgat TUR"]
[Date "2018.09.12"]
[Round "8.4"]
[White "Sindarov, Javokhir"]
[Black "Hakobyan, Aram"]
[Result "1/2-1/2"]
[WhiteTitle "IM"]
[BlackTitle "GM"]
[WhiteElo "2484"]
[BlackElo "2554"]
[WhiteFideId "14205483"]
[BlackFideId "13306677"]
[EventDate "2018.09.05"]

1. e4 e5 2. Nf3 Nc6 3. Bc4 Bc5 4. d3 Nf6 5. Nc3 d6 6. h3 Be6 7. Bb3 h6 8. Be3
Bxe3 9. fxe3 Bxb3 10. axb3 d5 11. exd5 Nxd5 12. Qd2 O-O 13. O-O f5 14. e4 fxe4
15. dxe4 Nxc3 16. Qxc3 Qe7 17. Rad1 Rf4 18. Qc4+ Kh7 19. g3 Rf6 20. Kg2 Raf8 21.
c3 a5 22. Nh4 Qe8 23. Nf5 Ne7 24. Nxe7 Qxe7 25. Rxf6 Qxf6 26. Rf1 Qxf1+ 27. Qxf1
Rxf1 28. Kxf1 Kg6 29. Ke2 b5 30. b4 axb4 31. cxb4 Kf6 32. Ke3 1/2-1/2

[Event "57th World Juniors 2018"]
[Site "Manavgat TUR"]
[Date "2018.09.12"]
[Round "8.5"]
[White "Puranik, Abhimanyu"]
[Black "Van Foreest, Jorden"]
[Result "1-0"]
[WhiteTitle "GM"]
[BlackTitle "GM"]
[WhiteElo "2524"]
[BlackElo "2624"]
[WhiteFideId "5061245"]
[BlackFideId "1039784"]
[EventDate "2018.09.05"]

1. e4 c5 2. Nc3 d6 3. d4 cxd4 4. Qxd4 Nc6 5. Qd2 g6 6. b3 Bh6 7. f4 Nf6 8. Nf3
O-O 9. Bb2 e5 10. g3 Bg4 11. Be2 b5 12. Nxb5 Qb6 13. Nc3 Bxf3 14. Bxf3 Nd4 15.
Rf1 a5 16. Nd5 Nxd5 17. exd5 a4 18. Bxd4 exd4 19. Kf2 Bg7 20. Kg2 Rfc8 21. Rab1
Rc3 22. Be4 Qc5 23. Bd3 axb3 24. axb3 Qxd5+ 25. Kg1 Bf6 26. b4 Kg7 27. b5 Rb8
28. Qe2 Rc7 29. Rfe1 Qc5 30. Qf3 d5 31. Kg2 Qd6 32. Re2 Re7 33. Rxe7 Bxe7 34.
Re1 Bf6 35. h4 Rb7 36. h5 Re7 37. Rh1 Re3 38. Qg4 Qb4 39. h6+ Kf8 40. Ra1 Re6
41. Qf3 Qc5 42. Ra8+ Ke7 43. Ra6 Kd8 44. Qd1 Ke8 45. f5 gxf5 46. Bxf5 d3 47.
Bxe6 dxc2 48. Qh5 Kd8 49. Ra8+ Ke7 50. Qxf7+ Kd6 51. Qxf6 1-0

[Event "57th World Juniors 2018"]
[Site "Manavgat TUR"]
[Date "2018.09.12"]
[Round "8.6"]
[White "Thybo, Jesper Sondergaard"]
[Black "Karthikeyan, Murali"]
[Result "1/2-1/2"]
[WhiteTitle "IM"]
[BlackTitle "GM"]
[WhiteElo "2499"]
[BlackElo "2605"]
[WhiteFideId "1438832"]
[BlackFideId "5074452"]
[EventDate "2018.09.05"]

1. d4 Nf6 2. c4 g6 3. Nc3 Bg7 4. e4 d6 5. Nf3 O-O 6. Be2 e5 7. O-O Na6 8. Re1
Qe8 9. Bg5 h6 10. Bxf6 Bxf6 11. c5 Bg4 12. Bxa6 bxa6 13. Nd5 Bd8 14. cxd6 cxd6
15. dxe5 dxe5 16. h3 Bxf3 17. Qxf3 Kg7 18. Rac1 Qe6 19. Rc4 Bg5 20. Re2 Rac8 21.
Rec2 Rxc4 22. Rxc4 f5 23. Rc7+ Rf7 24. Rxf7+ Qxf7 25. Qc3 Bf6 26. Qd3 Qe6 27.
Qe3 Qf7 28. b3 Bd8 29. Qd3 fxe4 30. Qxe4 Qf5 31. Qxf5 gxf5 32. Nb4 Be7 33. Nc6
Bd6 34. Nxa7 Kf6 35. Nc6 Ke6 36. Kf1 Kd5 37. Na5 Kd4 38. Ke2 e4 39. Nc4 Bc7 40.
g3 f4 41. gxf4 Bxf4 42. f3 h5 43. Na5 exf3+ 44. Kxf3 Bc1 45. Nc6+ Kc5 46. Ne5
Kd4 47. Nc6+ Kc5 48. Ne5 Kd4 49. Nc6+ 1/2-1/2

[Event "57th World Juniors 2018"]
[Site "Manavgat TUR"]
[Date "2018.09.12"]
[Round "8.7"]
[White "Lobanov, Sergei"]
[Black "Esipenko, Andrey"]
[Result "1/2-1/2"]
[WhiteTitle "IM"]
[BlackTitle "GM"]
[WhiteElo "2535"]
[BlackElo "2593"]
[WhiteFideId "24183750"]
[BlackFideId "24175439"]
[EventDate "2018.09.05"]

1. e4 c6 2. d4 d5 3. e5 Bf5 4. Nf3 e6 5. Be2 c5 6. Be3 cxd4 7. Nxd4 Ne7 8. O-O
Nbc6 9. Bb5 a6 10. Bxc6+ Nxc6 11. Nxf5 exf5 12. f4 d4 13. Bf2 Qb6 14. Qc1 Be7
15. Nd2 Rd8 16. Nb3 Qb5 17. Rd1 O-O 18. Qd2 f6 19. exf6 Bxf6 20. Qd3 Qxd3 21.
Rxd3 Nb4 22. Rd2 Rc8 23. Nxd4 Bxd4 24. Bxd4 Nxc2 25. Rad1 Nxd4 26. Rxd4 Rc7 27.
R1d2 g6 28. Kf2 Rff7 29. a4 Rfe7 30. g3 Kg7 31. Rb4 1/2-1/2

[Event "57th World Juniors 2018"]
[Site "Manavgat TUR"]
[Date "2018.09.12"]
[Round "8.8"]
[White "Petrosyan, Manuel"]
[Black "Haldorsen, Benjamin"]
[Result "1-0"]
[WhiteTitle "GM"]
[BlackTitle "FM"]
[WhiteElo "2581"]
[BlackElo "2461"]
[WhiteFideId "13300857"]
[BlackFideId "1512633"]
[EventDate "2018.09.05"]

1. Nf3 d5 2. e3 Nf6 3. b3 e6 4. Bb2 Bd6 5. c4 b6 6. Nc3 a6 7. Qc2 Bb7 8. cxd5
exd5 9. d4 Nbd7 10. g3 Qe7 11. Bg2 O-O 12. O-O Rfe8 13. Ne2 Rac8 14. Rad1 Ne4
15. Qb1 g5 16. Nc1 h5 17. Nd3 f6 18. Rfe1 Qh7 19. h4 Nf8 20. hxg5 fxg5 21. Nde5
Ng6 22. Nxg5 Nxg5 23. Qxg6+ Qxg6 24. Nxg6 Kg7 25. Nf4 Bxf4 26. gxf4 Ne4 27. f3
Ng3 28. Kf2 h4 29. Ba3 c5 30. dxc5 bxc5 31. Bh3 Rc7 32. Bb2+ Kg8 33. Bf6 Rh7 34.
Bxh4 Rxh4 35. Kxg3 Rh7 36. Bf5 Rg7+ 37. Kf2 Rc7 38. Rh1 Rg7 39. Rdg1 Re7 40.
Rxg7+ Kxg7 41. Bd3 Rf7 42. Rh7+ Kf8 43. Rxf7+ Kxf7 44. e4 1-0

[Event "57th World Juniors 2018"]
[Site "Manavgat TUR"]
[Date "2018.09.12"]
[Round "8.9"]
[White "Tabatabaei, M.amin"]
[Black "Kollars, Dmitrij"]
[Result "1-0"]
[WhiteTitle "GM"]
[BlackTitle "GM"]
[WhiteElo "2576"]
[BlackElo "2536"]
[WhiteFideId "12521213"]
[BlackFideId "12909572"]
[EventDate "2018.09.05"]

1. Nf3 Nf6 2. c4 c6 3. Nc3 d5 4. e3 Bg4 5. Qb3 Qb6 6. Qxb6 axb6 7. cxd5 Bxf3 8.
gxf3 Nxd5 9. Nxd5 cxd5 10. b3 Nc6 11. f4 e6 12. Rg1 Be7 13. Bb2 Bf6 14. Bxf6
gxf6 15. Bb5 Ke7 16. Ke2 Rhg8 17. Rg3 f5 18. a4 Kd6 19. d4 Na7 20. Bd3 Rg6 21.
Kd2 Nc6 22. Be2 Ne7 23. Rag1 Rh6 24. R3g2 Rc8 25. Bd3 Ng6 26. Rh1 Ne7 27. Rg7
Rf8 28. Kc3 Rh3 29. Bf1 Rf3 30. Rg2 Rg8 31. Rhg1 Rxf2 32. Rxg8 Nxg8 33. Rxg8
Rxf1 34. Rb8 Re1 35. Kd2 Rb1 36. Kc2 Re1 37. Kd2 Rb1 38. Kc2 Re1 39. Rxb7 Kc6
40. Rxf7 Rxe3 41. b4 b5 42. a5 Re2+ 43. Kd3 Rxh2 44. Re7 Rh3+ 45. Ke2 Rh2+ 46.
Kf3 Rh3+ 47. Kf2 Rb3 48. Rxe6+ Kc7 49. Re5 Kc6 50. Rxf5 Rxb4 51. Rf6+ Kc7 52.
Rf7+ Kc6 53. f5 Rxd4 54. a6 Kd6 55. Rf8 Ra4 56. Ra8 Kc7 57. Kg3 Ra3+ 58. Kf4 Ra1
59. f6 Rf1+ 60. Ke5 Kb6 61. Ke6 Re1+ 62. Kxd5 Rf1 63. Ke6 Re1+ 64. Kd6 Rd1+ 65.
Ke7 Re1+ 66. Kf8 h5 67. f7 h4 68. Kg7 Rg1+ 69. Kh6 Rf1 70. f8=Q Rxf8 71. Rxf8
Kxa6 72. Kg5 b4 73. Kf4 Kb5 74. Ke3 1-0